[Event "Bhubaneswar Pillai Memorial"]
[Site "Bhubaneswar"]
[Date "2016.11.22"]
[Round "6"]
[White "Amit, Kumar"]
[Black "Mohapatra, Santosh Kumar"]
[Result "1/2-1/2"]
[WhiteElo "1295"]
[BlackElo "1572"]
[PlyCount "78"]
[EventDate "2016.11.20"]
[EventType "swiss"]
[EventRounds "11"]
[EventCountry "IND"]
[SourceTitle "CBM 175 Extra"]
[Source "ChessBase"]
[SourceDate "2016.12.12"]
[SourceVersion "1"]
[SourceVersionDate "2016.12.12"]
[SourceQuality "1"]

1. e4 c6 2. d4 d5 3. e5 Bf5 4. Nf3 e6 5. Bd3 Bxd3 6. Qxd3 Qa5+ 7. c3 Qa6 8. Qxa6 Nxa6 9. Be3 c5 10. Nbd2 cxd4 11. Nxd4 Ne7 12. f4 Nc6 13. Ke2 Nxd4+ 14. cxd4 Be7 15. g4 Rc8 16. Rhc1 Kd7 17. Nb3 b6 18. a3 g6 19. Nd2 Nc7 20. Nf3 h5 21. g5 Na6 22. h4 Nb8 23. Kd3 a5 24. Bd2 Na6 25. Ng1 Nc7 26. Ne2 Rhd8 27. Nc3 b5 28. Ne2 Ra8 29. Rc2 Rdc8 30. Rac1 b4 31. a4 Bd8 32. b3 Ne8 33. Be1 Rxc2 34. Rxc2 Rc8 35. Rxc8 Kxc8 36. Ng3 Kd7 37. Nh1 Kc7 38. Ke3 Kc6 39. Nf2 Ng7 1/2-1/2

[Event "Bhubaneswar Pillai Memorial"]
[Site "Bhubaneswar"]
[Date "2016.11.21"]
[Round "3"]
[White "Mohapatra, Santosh Kumar"]
[Black "Rout, Yashita"]
[Result "1-0"]
[WhiteElo "1572"]
[BlackElo "1129"]
[PlyCount "64"]
[EventDate "2016.11.20"]
[EventType "swiss"]
[EventRounds "11"]
[EventCountry "IND"]
[SourceTitle "CBM 175 Extra"]
[Source "ChessBase"]
[SourceDate "2016.12.12"]
[SourceVersion "1"]
[SourceVersionDate "2016.12.12"]
[SourceQuality "1"]

1. d4 d5 2. c4 e6 3. Nc3 Nf6 4. Bg5 Nbd7 5. Nf3 c6 6. e3 Be7 7. Bd3 0-0 8. Qc2 h6 9. Bh4 dxc4 10. Bxc4 Nd5 11. Bxe7 Qxe7 12. 0-0 b6 13. a3 Bb7 14. Rac1 Nxc3 15. Qxc3 c5 16. Be2 Rac8 17. Rfd1 cxd4 18. Qxd4 Rxc1 19. Rxc1 Nc5 20. Qf4 Rd8 21. h3 Qd6 22. Qxd6 Rxd6 23. b4 Na6 24. Nd4 e5 25. Nb5 Rd7 26. Bc4 Bd5 27. Bxd5 Rxd5 28. Nxa7 Rd6 29. Kf1 Kf8 30. Ke2 Ke7 31. Nc8+ Ke6 32. Nxd6 Kxd6 1-0